Presidentes de Comunidades Autónomas: Aragón - Estadísticas

Estadísticas generales
  • Esta prueba ha sido intentada 43 veces
  • La puntuación promedio es 4 de 14
Estadísticas de respuestas
Período Presidente % Correcto
2015-2023 Javier Lambán
95%
2023-Act. Jorge Azcón
95%
2011-2015 Luisa Fernanda Rudi
51%
1999-2011 Marcelino Iglesias
38%
1983-1987 Santiago Marraco
18%
1995-1999 Santiago Lanzuela
15%
1987-1991 Hipólito Gómez de las Roces
13%
1993-1995 José Marco
13%
1991-1993 Emilio Eiroa
8%
1995 Ramón Tejedor
8%
1981-1982 Gaspar Castellano
3%
1982 José María Hernández de la Torre
3%
1982-1983 Juan Antonio de Andrés
3%
1978-1981 Juan Antonio Boela
0%
No se encontraron pruebas coincidentes
Distribución de puntuación
Porcentaje de gente con cada puntuación
Porcentaje por número respondido
Historial de tus puntuaciones
No has intentado esta prueba.